000 01127nam a2200301 i 4500
003 DO-SdBNP
005 20260217134328.0
007 ta
008 260217b2025 dr a|||| |||| 00| 0 spa d
020 _a9789945525014
040 _aDO-SdBNP
_bspa
_cBNPHU
_erda
041 _aspa
082 4 _axxx
_bxxx
_222
100 _aSantos, Dulce Elvira de los,
_eautor
_4aut.
_937867
245 1 0 _aCuentos para toda la vida /
_cDulce Elvira de los Santos ; coordinación editorial, Clara Dobarro ; edición, María del Carmen Vicente ; ilustraciones, Henry Cid
264 4 _aSanto Domingo :
_bMinisterio de Cultura;
_bEditora Nacional,
_c©2025.
300 _a93 páginas :
_bilustraciones ;
_c16 cm.
336 _atexto
_btxt
_2rdacontent
337 _asin mediación
_bn
_2rdamedia
338 _avolumen
_bnc
_2rdacarrier
500 _aIncluye datos biográficos del autor en las solapas
590 _aInventariado, 2026/BT
700 1 _aDobarro, Clara,
_ecoordinador
_4coord.
_934619
700 1 _aVicente, María del Carmen,
_eeditor
_4ed.
700 1 _aCid, Henry,
_eilustrador
_4il.
_9346
910 _aBtavárez
942 _2ddc
_cLBS1
999 _c60343
_d60343